Plain English for Lawyers / (Record no. 614076)
[ view plain ]
| 000 -LEADER | |
|---|---|
| fixed length control field | 00363nam a22001337a 4500 |
| 082 ## - DEWEY DECIMAL CLASSIFICATION NUMBER | |
| Classification number | 808.06634 |
| Author Mark | WYD |
| 100 ## - MAIN ENTRY--PERSONAL NAME | |
| Personal name | Wydick, Richard, C. |
| 245 ## - TITLE STATEMENT | |
| Title | Plain English for Lawyers / |
| Statement of responsibility, etc. | Richard, C. Wydick & Amy E. Sloan |
| 250 ## - EDITION STATEMENT | |
| Edition statement | 6th Edition. |
| 260 ## - PUBLICATION, DISTRIBUTION, ETC. | |
| Place of publication, distribution, etc. | Dhrham: |
| Name of publisher, distributor, etc. | Carlina Academic Press, |
| Date of publication, distribution, etc. | 2019. |
| 300 ## - PHYSICAL DESCRIPTION | |
| Extent | 175 p. |
| 563 ## - BINDING INFORMATION | |
| Binding note | HB. |
| 942 ## - ADDED ENTRY ELEMENTS (KOHA) | |
| Source of classification or shelving scheme | |
| Koha item type | Book |
| Withdrawn status | Lost status | Source of classification or shelving scheme | Damaged status | Not for loan | Permanent Location | Current Location | Date acquired | Total Checkouts | Full call number | Barcode | Date last seen | Price effective from | Koha item type |
|---|---|---|---|---|---|---|---|---|---|---|---|---|---|
| NUST Law School (NLS) | NUST Law School (NLS) | 07/03/2025 | 808.06634 WYD | NLS-3130 | 07/03/2025 | 07/03/2025 | Book | ||||||
| NUST Law School (NLS) | NUST Law School (NLS) | 07/03/2025 | 808.06634 WYD | NLS-3131 | 07/03/2025 | 07/03/2025 | Book |
